Causas de las malformaciones congénitas en los recién nacidos : (Record no. 20569)

000 -CABECERA
fixed length control field 00787nam a22002057a 4500
003 - IDENTIFICADOR DEL NÚMERO DE CONTROL
control field AR-CdUCM
008 - DATOS DE LONGITUD FIJA--INFORMACIÓN GENERAL
fixed length control field 190531b ||||| |||| 00| 0 spa d
040 ## - FUENTE DE LA CATALOGACIÓN
Agencia/entidad que catalogó originalmente la obra MUNICIPALIDAD PROVINCIAL DEL CUSCO
Entidad que transcribió la catalogación BIBLIOTECA MUNICIPAL DEL CUSCO
082 ## - NÚMERO DE LA CLASIFICACIÓN DECIMAL DEWEY
No. de Clasificación 618.92 /
Notacion interna P75
100 ## - ENTRADA PRINCIPAL--NOMBRE DE PERSONA
Nombre Personal Polo Alcántara, Oscar .
245 ## - MENCIÓN DE TÍTULO
Título Causas de las malformaciones congénitas en los recién nacidos :
Resto del título Para profesores, estudiantes y padres de familia /
260 ## - PUBLICACIÓN, DISTRIBUCIÓN, ETC.
Lugar de publicación, distribución, etc. Lima:
Nombre de la editorial, distribuidor, etc. Marcos,
Fecha de publicación, distribución, etc. 1973.
300 ## - DESCRIPCIÓN FÍSICA
Nº de Páginas Extensión 36 páginas ;
Dimensiones 23 cm.
Otros detalles físicos fotografías.
505 ## - NOTA DE CONTENIDO CON FORMATO
Nota de contenido formateada Contenido: Malformaciones congénitas -- Anomalías de causa genética --La consanguinidad...
650 ## - PUNTO DE ACCESO ADICIONAL DE MATERIA--TÉRMINO DE MATERIA
Descriptor Aborto
9 (RLIN) 43000
650 ## - PUNTO DE ACCESO ADICIONAL DE MATERIA--TÉRMINO DE MATERIA
Descriptor Gestación
9 (RLIN) 43001
650 ## - PUNTO DE ACCESO ADICIONAL DE MATERIA--TÉRMINO DE MATERIA
Descriptor Acondroplásia
9 (RLIN) 43002
942 ## - ELEMENTOS DE PUNTO DE ACCESO ADICIONAL (KOHA)
Fuente de clasificación
Tipo de item Libros-BMC
945 ## - PROCESAMIENTO DE INFORMACIÓN LOCAL (OCLC)
Catalogador Javier
Holdings
Estado de retiro (separado) Fuente de clasificación o esquema de estanterías Estado dañado Ubicación Sala donde se ubica Nombre de la colección Fecha de adquisición o compra Costo, precio normal en soles Signatura topográfica Código de Barras Última vez visto (Koha) Tipo de ítem (Koha)
No     Sala Ciencias Sala Ciencias Book Cart 2019-05-31 30.00 618.92 / P75 SC0000002052 2019-05-31 Libros-BMC

Powered by Koha